LIBRARY & INFORMATION CENTRE, KCAET, TAVANUR

ONLINE PUBLIC ACCESS CATALOGUE (OPAC)

Kamayani ki vyakhyatmak alochana / (Record no. 8402)

MARC details
000 -LEADER
fixed length control field 00467cam a2200181ua 4500
041 ## - LANGUAGE CODE
Language code of text/sound track or separate title hin
082 ## - DEWEY DECIMAL CLASSIFICATION NUMBER
Classification number 891.54
Item number VIS/KA
100 ## - MAIN ENTRY--AUTHOR NAME
Personal name Viswanathlal, Shaida .
245 ## - TITLE STATEMENT
Title Kamayani ki vyakhyatmak alochana /
250 ## - EDITION STATEMENT
Edition statement 2 /
260 ## - PUBLICATION, DISTRIBUTION, ETC. (IMPRINT)
Place of publication Varanasi :
Name of publisher Hindi Pracharak Pusthakalayam ,
Year of publication 1963.
300 ## - PHYSICAL DESCRIPTION
Number of Pages 408 ; .
942 ## - ADDED ENTRY ELEMENTS (KOHA)
Koha item type Books
Holdings
Withdrawn status Lost status Damaged status Home library Current library Date acquired Full call number Accession Number Koha item type
Withdrawn     KAUAET Sanskrit University 07/04/2012 891.54 10594 Books
free website counter